[Event "Chigorin Memorial 23rd"]
[Site "St Petersburg"]
[Date "2015.10.08"]
[Round "6"]
[White "Sandipan, Chanda"]
[Black "Alekseenko, Kirill"]
[Result "0-1"]
[WhiteElo "2567"]
[BlackElo "2539"]
[Annotator "Alekseenko,K"]
[PlyCount "78"]
[EventDate "2015.10.03"]
[EventType "swiss"]
[EventRounds "9"]
[EventCountry "RUS"]
[SourceTitle "CBM 168 Extra"]
[Source "ChessBase"]
[SourceDate "2015.10.29"]
[SourceVersion "1"]
[SourceVersionDate "2015.10.29"]
[SourceQuality "1"]

{This game was played at a crucial moment in the tournament because we were
both leading the field with 5.0/5.} 1. Nf3 Nf6 2. g3 e6 3. Bg2 b5 $5 {This
interesting and bold move avoids the usual Catalan structures.} 4. O-O Bb7 5.
d3 Be7 6. e4 d5 $6 7. Nbd2 ({Better was} 7. exd5 $1 {and it is not clear how
Black can solve his problems, for example} Nxd5 ({or} 7... exd5 8. Nd4 Qd7 9.
Re1 c5 10. Nb3 O-O 11. Na5 $14 {with a clear edge}) 8. c4 $1 Nb6 9. cxb5 {
and Black does not have enough compensation for the pawn.}) 7... O-O 8. Qe2 c5
9. e5 Nfd7 10. c4 a6 11. cxd5 Bxd5 12. Ne4 Nc6 13. Bf4 Rc8 14. Rfe1 Qb6 $6 (
14... Nb4 {doesn't allow White to exchange the bishop on d5.}) 15. Nc3 $1 Bxf3
16. Qxf3 Nd4 17. Qd1 Rfd8 18. Ne4 Nf8 19. Rc1 $2 {Overlooking a strong idea.}
Nf5 $1 ({Better was} 19... Ng6 20. Bg5 Bxg5 21. Nxg5 h6 22. Nxf7 $5 Kxf7 23.
Qh5 {with an unclear position.}) 20. g4 Nh4 21. Bh1 ({After} 21. Bf1 $5 {
- to protect d3 -} Nfg6 22. Bg3 Qb8 {Black is also better.}) 21... Nhg6 22. Bg3
Nd7 23. f4 c4+ 24. Kf1 Nc5 25. Nxc5 ({White's last chance was} 25. f5 {but
after} Nxd3 $1 26. fxg6 fxg6 27. Qe2 Bb4 28. Red1 Nxc1 29. Rxc1 Rd3 {Black has
a dangerous attack.}) 25... Bxc5 26. f5 Rxd3 27. Qc2 Ne7 28. Be4 Qd8 $1 {
threatening Rd2 and Qd4.} 29. Rcd1 $8 Rxd1 30. Rxd1 Nd5 31. Bxd5 exd5 32. Bf2
Qg5 33. Rxd5 Bxf2 34. Qxf2 Qxg4 35. f6 c3 $1 $19 {A nice touch to finish.} 36.
b3 h6 37. h3 (37. Rc5 c2 $1 38. Qxc2 (38. Rxc2 Qd1+ $19) 38... Qf3+ $19) 37...
Qxh3+ 38. Ke2 Qg4+ 39. Kd3 c2 0-1

[Event "SRB Central-ch op-A 6th"]
[Site "Paracin"]
[Date "2013.07.08"]
[Round "4"]
[White "Zlatanovic, Boroljub"]
[Black "Atalik, Suat"]
[Result "1/2-1/2"]
[WhiteElo "2416"]
[BlackElo "2568"]
[Annotator "Atalik,S"]
[PlyCount "170"]
[EventDate "2013.07.05"]
[EventType "swiss"]
[EventRounds "9"]
[EventCountry "SRB"]
[SourceTitle "CBM 158"]
[Source "ChessBase"]
[SourceDate "2014.01.16"]
[SourceVersion "1"]
[SourceVersionDate "2014.01.16"]
[SourceQuality "1"]

1. g3 (1. d4 Nf6 2. c4 g6 3. Nf3 Bg7 4. g3 O-O 5. Bg2 d6 6. Nc3 Nc6 7. O-O e5
8. h3 $5 {I had thought this was the late Gildardo Garcia's move, but actually
it belongs to Fridrik Olafsson indeed.} exd4 9. Nxd4 Nxd4 10. Qxd4 Be6 11. Qd3
Nd7 12. b3 Nc5 13. Qd2 a5 14. Ba3 $5) 1... d5 2. Bg2 g6 3. Nf3 Bg7 4. O-O Nf6
5. d3 $5 O-O 6. Nc3 c5 7. e4 (7. a3 Nc6 8. Rb1 Nd4 $5 (8... Qd6 $5)) 7... Nc6 {
The Panno System may not become lethal with the tempo up.} 8. exd5 Nxd5 9. Nxd5
Qxd5 10. Be3 Qd6 ({I did not want to capture a pawn and lose the space
advantage. However this decision is debatable.} 10... Bxb2 11. Nd4 Qd6 (11...
Qd7 12. Nxc6 bxc6 13. Rb1 Bd4 14. Qf3) 12. Nb5 Qd8 13. Rb1 $13) 11. Nd2 b6 12.
Nc4 Qd7 (12... Qc7 $5 13. Bf4 Qd7) 13. a4 Bb7 (13... Ba6 $5 14. a5 b5 15. Nd2
Bxb2 16. Ne4 $1 $44) 14. a5 Ne5 $1 15. Nxe5 Bxe5 16. axb6 axb6 17. Rxa8 Rxa8
18. b3 Bxg2 19. Kxg2 Ra2 $17 {It is always difficult to play with White as
though one had Black. As a result of this dubious strategy he got a bad
position.} 20. Re1 Qd5+ 21. Kg1 h5 $1 (21... Bc3 $6 {does not win at once.} 22.
Bd2 Bxd2 23. Qxd2 Qxb3 24. Rxe7 Rxc2 25. Qg5 Re2 26. Rxe2 Qd1+ 27. Kg2 Qxe2 28.
Qd8+ Kg7 29. Qxb6 $11) 22. h4 e6 {I can not say if this was a mistake.} (22...
Bc3 23. Bd2 Bxd2 24. Qxd2 Qxb3 25. Rxe7 Rxc2 26. Qg5 $1 (26. Qh6 Re2 $1 27.
Rxe2 Qd1+ 28. Kg2 Qxe2 $19) (26. Qf4 Qd5 27. Qh6 Qd8 28. Qe3 Qd6 29. Rb7 Qf6
30. Kg2 Kg7 31. Qf3 Rb2 32. Rc7 $17) 26... Qb2 27. Qf4 Qc1+ 28. Qxc1 Rxc1+ 29.
Kg2 Rc3 30. Rb7 Rb3 31. Kf1 Kg7 32. Ke2 b5 33. Rc7 Rc3 34. Kd2 b4 35. Rc6 Kf8
36. Rc7 $44 {is why I have declined this line.}) 23. Qe2 Bc3 24. Rc1 b5 (24...
Kg7 25. Kh2) 25. Qf1 $1 b4 26. Qg2 f5 (26... Ra5 27. Qe4 f5 28. Qf4 e5 29. Qg5
Qd6 30. Kg2 $15) 27. Qxd5 exd5 28. Kg2 (28. Bxc5 Bd2 29. Rb1 Rxc2 30. d4 $15)
28... d4 $2 (28... Ra5 29. Kf3 Kf7 30. Rd1 Ra2 31. Bxc5 Rxc2 $15) 29. Bg5 $11 {
White ended up with an imregnable fortress!} Kf7 30. Kf3 Ke6 31. Ke2 Kd5 32.
Bf4 Ra6 33. Kf3 Ke6 34. Ke2 Kf7 35. Kf3 Re6 36. Rb1 Ke8 37. Rd1 Kd7 38. Rb1 Kc6
39. Rd1 Re8 40. Rb1 Ra8 41. Ke2 Ra2 42. Rc1 Kd7 43. Kf3 Ke6 44. Ke2 Kf7 45. Bd6
Bb2 46. Re1 Ra6 47. Bf4 Bc3 48. Rb1 Ke6 49. Rc1 Ra8 50. Rb1 Kd5 51. Rc1 Bb2 52.
Re1 Bc3 53. Rc1 Kc6 54. Rb1 Re8+ 55. Kf3 Rd8 56. Ke2 Kd5 57. Rd1 Re8+ 58. Kf3
Ra8 59. Rc1 Ra2 60. Ke2 Kc6 61. Bg5 Bb2 62. Re1 Bc3 63. Rc1 Kd7 64. Bf4 Ke6 65.
Kf3 Kf7 66. Ke2 Rb2 67. Bd6 Ke6 68. Bf4 (68. Bxc5 Ra2 69. Bf8 $1 Bb2 70. Re1
Bc3 $11) 68... Kd5 69. Kf3 Kc6 70. Ke2 Kd7 71. Bg5 f4 $5 {The funny thing is
that now we will continue the game like nothing has happened.} 72. Bxf4 Ke6 73.
Bg5 Ra2 74. Kf3 Kd5 75. Ke2 Ra8 (75... Bb2 76. Re1 Bc3 77. Rc1 $11) 76. Kf3
Rf8+ 77. Ke2 Ke6 78. Bf4 Rf7 79. Rg1 Kd5 80. Bg5 Ra7 81. Kf3 Ra2 82. Rc1 Ra8
83. Rg1 Ra2 84. Rc1 Ra7 85. Rg1 Ra2 1/2-1/2

[Event "EU-chT (Men) 13th"]
[Site "Leon"]
[Date "2001.11.15"]
[Round "9.2"]
[White "Dydyshko, Viacheslav"]
[Black "Navara, David"]
[Result "0-1"]
[WhiteElo "2516"]
[BlackElo "2499"]
[Annotator "Atlas,V"]
[PlyCount "66"]
[EventDate "2001.11.06"]
[EventType "team-swiss"]
[EventRounds "9"]
[EventCountry "ESP"]
[SourceTitle "CBM 086"]
[Source "ChessBase"]
[SourceDate "2002.02.05"]
[SourceVersion "1"]
[SourceVersionDate "2002.02.05"]
[SourceQuality "1"]
[WhiteTeam "Belarus"]
[BlackTeam "Czech Republic"]
[WhiteTeamCountry "BLR"]
[BlackTeamCountry "CZE"]

1. Nf3 Nf6 2. g3 g6 3. Bg2 Bg7 4. O-O O-O 5. d3 c5 6. e4 Nc6 7. c3 e5 8. Nbd2
b6 9. Nc4 d6 10. a3 Bb7 11. Bg5 h6 12. Bxf6 Bxf6 13. b4 Re8 14. Qb3 d5 15. Ne3
d4 16. Nd5 dxc3 17. Qxc3 Nd4 18. Nxd4 cxd4 19. Qb3 Rc8 20. Rac1 Qd6 21. Nxf6+
Qxf6 22. Bh3 Qf3 $5 23. Bxc8 $4 ({Unexplainable decision. The text move loses
the game. Instead,} 23. Qa4 {promised White a good play.}) {[%tqu "En",
"White's last move was a decisive mistake. Can you prove it?","Exploit the
shaky position of the enemy queen.","Open the main diagonal!","b7e4","Of
course! This simple and convincing move spells a quick end for White.",4]}
23... Bxe4 $1 {[%csl Rb3,Rg2,Rh1][%cal Gf3b3,Ge4h1] This is the refutation of
White's careless bishop move.} 24. Qxf7+ (24. dxe4 Qxb3 {is equally hopeless
for White.}) 24... Kxf7 25. dxe4 Qxe4 {White is lost.} 26. Ba6 Qf3 27. Rfd1
Qxa3 28. Bd3 e4 29. Bc4+ Kf6 30. Ra1 Qxb4 31. Rxd4 Rc8 32. Rad1 Rxc4 33. Rd6+
Ke7 0-1

[Event "Escaldes zt"]
[Site "Escaldes"]
[Date "1998.11.07"]
[Round "2"]
[White "Gallego Martinez, Ruben"]
[Black "Garcia Ilundain, David"]
[Result "0-1"]
[WhiteElo "2305"]
[BlackElo "2485"]
[Annotator "Baburin,A"]
[PlyCount "72"]
[EventDate "1998.11.06"]
[EventType "swiss"]
[EventRounds "9"]
[EventCountry "AND"]
[SourceTitle "CBM 068"]
[Source "ChessBase"]
[SourceDate "1999.02.01"]
[SourceVersion "1"]
[SourceVersionDate "1999.02.01"]
[SourceQuality "1"]

1. e4 c5 2. d3 Nc6 3. Nf3 g6 4. g3 Bg7 5. Bg2 d6 6. O-O Nf6 7. c3 O-O 8. Re1
Bg4 9. h3 ({I would prefer} 9. Nbd2 {intending to play h3 later and then
recapture on f3 with a knight, aiming to play d3-d4.}) 9... Bxf3 10. Qxf3 Rb8 {
Black wants to open the b-file and to create targets for his bishop.} 11. Qd1
Nd7 12. Nd2 $6 ({Probably better here is} 12. Be3 b5 13. d4 b4 14. e5 {as in
the game Ljubojevic-Kramnik, Monaco 1994.}) 12... b5 13. Nf3 b4 14. Qc2 $6 bxc3
15. bxc3 Qa5 16. Bd2 Qa3 17. Rab1 Nb6 18. Kh2 ({After} 18. Rb3 Qa4 {White has
to deal with the threat of ...c4, but the text is too indifferent.}) 18... Qa4
$1 {This is a key move, which allows Black to utilise the b-file.} 19. Rec1
Qxc2 20. Rxc2 Na4 21. Rxb8 Rxb8 $17 {Black's advantage in this ending is
serious, thanks to his permanent control over the only open file in the
position.} 22. Bf1 Kf8 23. Kg2 Ke8 24. Be2 h6 25. d4 e6 26. Be3 Kd7 27. d5 exd5
28. exd5 Ne7 29. c4 Nf5 30. Rd2 Nxe3+ 31. fxe3 Rb1 32. Rd1 Rb4 33. Rd2 Nc3 34.
Bd3 Ra4 35. Rb2 Kc7 36. g4 Nxd5 0-1

[Event "Bugojno"]
[Site "Bugojno"]
[Date "1978.03.10"]
[Round "11"]
[White "Vukic, Milan"]
[Black "Karpov, Anatoly"]
[Result "1/2-1/2"]
[WhiteElo "2480"]
[BlackElo "2725"]
[Annotator "Bulletin"]
[PlyCount "113"]
[EventDate "1978.02.27"]
[EventType "tourn"]
[EventRounds "15"]
[EventCountry "YUG"]
[EventCategory "14"]
[SourceTitle "MCL"]
[Source "ChessBase"]
[SourceDate "1999.07.01"]
[SourceVersion "1"]
[SourceVersionDate "1999.07.01"]
[SourceQuality "1"]

1. Nf3 Nf6 2. g3 b5 3. Bg2 Bb7 4. O-O e6 5. d3 (5. b3 Be7 6. c4 bxc4 7. bxc4 c5
$1 8. Nc3 O-O 9. Rb1 Bc6 10. Bb2 d6 11. e3 Nbd7 $10 {Kochiev-Garcia,G,
Leningrad 1977}) 5... d6 6. e4 c5 7. a4 a6 8. axb5 axb5 9. Rxa8 Bxa8 10. Na3
Bc6 11. e5 Nfd7 12. exd6 Bxd6 13. Ng5 b4 (13... Qb6) 14. Nc4 Nf6 15. Qe2 Bxg2
16. Kxg2 Be7 17. Be3 O-O 18. Ra1 Nd5 19. Ne4 Qc7 20. f3 Nd7 21. Bf2 Re8 22. Qe1
f5 23. Ned2 Bf8 24. Ra6 e5 25. Qa1 $14 N5f6 26. Qa2 Kh8 27. Qa4 Rc8 28. Re6 Qb8
29. Qa6 Re8 30. Ne3 Rxe6 31. Qxe6 g6 32. Nd5 Qe8 33. Qc6 Nxd5 34. Qxd5 Nb6 35.
Qb7 Qe6 36. Qa6 (36. Qb8) 36... Qd6 37. Nb3 Nd7 38. Qb7 Be7 39. Na5 Qe6 40. Nc4
Kg7 41. Kf1 g5 42. Kg2 h5 43. h3 Kh6 44. Ne3 (44. Qc8 e4 $1 $10) 44... f4 45.
Qd5 Qxd5 46. Nxd5 fxg3 47. Bxg3 Bf8 48. Kf2 Kg6 49. Ke2 Kf5 50. c3 bxc3 51.
bxc3 Ke6 52. Ne3 Bg7 53. Be1 Nf8 54. Bd2 Ng6 55. Nf1 Nf4+ 56. Bxf4 exf4 57. Nd2
1/2-1/2

[Event "URS-ch46 First League"]
[Site "Ashkhabad"]
[Date "1978.??.??"]
[Round "4"]
[White "Kochyev, Alexander"]
[Black "Makarichev, Sergey"]
[Result "1/2-1/2"]
[WhiteElo "2555"]
[BlackElo "2495"]
[Annotator "Bulletin"]
[PlyCount "59"]
[EventDate "1978.10.??"]
[EventType "tourn"]
[EventRounds "17"]
[EventCountry "URS"]
[EventCategory "10"]
[SourceTitle "MCL"]
[Source "ChessBase"]
[SourceDate "1999.07.01"]
[SourceVersion "1"]
[SourceVersionDate "1999.07.01"]
[SourceQuality "1"]

1. Nf3 Nf6 2. g3 b5 3. Bg2 Bb7 4. b3 (4. Na3 $5) (4. c3 $5) 4... e6 5. c4 (5.
Bb2 {Keene,R-Spassky,B/Lugano ol/1968/}) 5... bxc4 6. bxc4 c5 7. Nc3 Be7 8. Rb1
Bc6 9. O-O O-O 10. e3 Ne4 $10 11. Bb2 Nxc3 12. Bxc3 Qc7 13. Ne5 Bxg2 14. Kxg2
Nc6 15. Nxc6 Qxc6+ 16. Qf3 d5 (16... Qxf3+ 17. Kxf3 Rab8 18. Ba5 $1 $14) 17.
Rb3 Rab8 18. Rfb1 Rb6 19. Rb5 Bd8 $1 20. d3 Ra6 21. R1b2 Bb6 22. cxd5 exd5 23.
d4 cxd4 24. Bxd4 Bxd4 25. exd4 Rxa2 26. Rxa2 Qxb5 27. Rxa7 Qb6 28. Rd7 Qxd4 29.
Qxd5 Qxd5+ 30. Rxd5 1/2-1/2

[Event "World U20-ch22"]
[Site "Belfort"]
[Date "1983.08.26"]
[Round "13"]
[White "D'Amore, Carlo"]
[Black "Adianto, Utut"]
[Result "0-1"]
[WhiteElo "2305"]
[BlackElo "2385"]
[Annotator "Bulletin/Primel,D"]
[PlyCount "90"]
[EventDate "1983.08.12"]
[EventType "swiss"]
[EventRounds "13"]
[EventCountry "FRA"]
[SourceTitle "EXT 2016"]
[Source "ChessBase"]
[SourceDate "2015.10.08"]
[SourceVersion "1"]
[SourceVersionDate "2015.10.08"]
[SourceQuality "1"]

1. Nf3 Nf6 2. g3 g6 3. Bg2 Bg7 4. O-O O-O 5. d3 c5 6. e4 d6 7. c3 {La partie a
transposé d'une Reti vers une attaque sicilienne} Nc6 8. Re1 (8. Nbd2) 8... e5
9. Nbd2 h6 10. a4 Be6 11. h3 Qc7 (11... d5) (11... Qd7 12. Kh2 $11) 12. Nc4
Rad8 13. Bd2 $2 (13. Ne3 {[%csl Gd5]} d5) 13... Nxe4 $1 14. Rxe4 (14. dxe4 Bxc4
) 14... d5 15. Rh4 dxc4 16. Bxh6 f6 $1 {[%csl Rd3,Rh4] L'attaque Blanche
s'effondre et la Rh4 est exposée} 17. Be3 Qe7 (17... Rxd3) 18. Nd2 cxd3 19.
Nb3 g5 (19... c4 $1 {[%csl Gd3]}) 20. Rg4 Bxg4 21. hxg4 c4 22. Nd2 Qe6 23. Be4
Nd4 24. a5 Ne2+ $5 {Première imprécision des Noirs qui vont laisser les
Blancs revenir dans la partie} (24... Nc2 $40) 25. Kg2 Qxg4 26. Qh1 Kf7 {
[%cal Gf8h8]} (26... Nf4+) 27. Bf3 $1 $13 Qf5 28. Qh5+ Qg6 29. Qg4 f5 30. Qxc4+
Qe6 $2 (30... Kf6) 31. Bh5+ Ke7 32. Qb4+ Rd6 33. Qxb7+ $2 $138 (33. Nc4 {
[%csl Rd6]}) 33... Qd7 34. Qxd7+ $2 (34. a6 $142 {[%csl Gb7][%cal Ga1a7]})
34... Rxd7 35. Bc5+ Kf6 36. Bxf8 Bxf8 37. Be8 Rb7 38. Rb1 g4 39. Bc6 Rc7 40.
Ba8 e4 41. Rd1 Ke5 42. Rh1 Kf6 43. Rd1 Bh6 44. Bxe4 fxe4 45. Nxe4+ Ke5 0-1

[Event "RUS-Cup2"]
[Site "Moscow"]
[Date "1996.??.??"]
[Round "6"]
[White "Vasiukov, Evgeni"]
[Black "Aleksandrov, Aleksej"]
[Result "1-0"]
[WhiteElo "2505"]
[BlackElo "2550"]
[Annotator "Chekhov,V"]
[PlyCount "73"]
[EventDate "1996.11.28"]
[EventType "swiss"]
[EventRounds "9"]
[EventCountry "RUS"]
[SourceTitle "CBM 056 Extra"]
[Source "ChessBase"]
[SourceDate "1997.03.01"]
[SourceVersion "1"]
[SourceVersionDate "1997.03.01"]
[SourceQuality "1"]

1. Nf3 Nf6 2. g3 b5 3. Bg2 Bb7 4. O-O e6 5. d3 d5 6. Nbd2 Nbd7 (6... Be7 7. e4
c5 8. Re1 Nc6 9. h4 O-O 10. e5 Nd7 11. Nf1 Qc7 12. Bf4 a5 13. N1h2 a4 14. a3
$16 {Mojzes,J-Voloshin,L/Lazne Bohdanec/1996/1|0/65/}) 7. e4 dxe4 8. dxe4 (8.
Ng5 Be7 9. Ngxe4 Qc8 10. Qe2 O-O 11. a4 a6 $10 {Ledger,A-Arkell,K/London/1992/
0|1/41/}) 8... Nxe4 $5 {N/} (8... Be7 9. Qe2 a6 10. e5 Nd5 11. h4 Nc5 12. Rd1
O-O 13. Nb3 Nxb3 14. axb3 $14 {Zarkovic,J-Majeric,Z/YUG/1989/0|1/61/}) (8...
Nc5 9. Qe2 a6 10. Rd1 Qc8 11. Nd4 e5 12. N4b3 Bc6 13. Nf3 Nxb3 14. axb3 Bd6 15.
Bg5 Qe6 16. Nh4 $36 {Schlosser,P-Schmittdiel,E/GER/1996/1|0/42/}) 9. Nxe4 Bxe4
10. Qe2 Bc6 11. Rd1 Bd6 12. Bg5 Qc8 13. Nd4 Bxg2 14. Kxg2 (14. Nxe6 fxe6 15.
Qxe6+ Kf8 $22 16. Qf5+ Nf6 $19) 14... h6 (14... O-O 15. Nxb5 $16) (14... a6 15.
Nxe6 $1 fxe6 16. Qxe6+ Kf8 17. Rxd6 $22 cxd6 18. Be7+ Ke8 19. Bf6+ Kf8 20. Qe7+
$18) 15. Nxe6 hxg5 (15... fxe6 $2 16. Qxe6+ Kf8 17. Rxd6 hxg5 (17... cxd6 18.
Be7+ $18) 18. Rxd7 $18) 16. Nxc7+ Kf8 17. Nxa8 Qxa8+ 18. Kg1 Rh6 $17 19. Qxb5
Ne5 20. Qd5 Qc8 $6 (20... Qxd5 21. Rxd5 g4 22. Rad1 Bc7 $17) 21. Re1 Qh3 $2 (
21... Qf5 22. Qa8+ Ke7 23. Rad1 $36) (21... Ng4 22. h3 $22 Nxf2 23. Kxf2 Qxc2+
(23... Bxg3+ 24. Kxg3 Qxh3+ 25. Kf2 Qh2+ (25... Rf6+ 26. Ke2 (26. Kg1 Qg4+ 27.
Qg2 Qd4+ 28. Kh1 Rh6+ 29. Qh2 Rxh2+ 30. Kxh2 Qxb2 $17) 26... Re6+ 27. Kd2 Qh2+
28. Kc3 (28. Kd1 Qh5+ 29. Kd2 Qh2+ $10) 28... Qg3+ 29. Qd3 Qc7+ 30. Kd2 Rd6 $13
) 26. Ke3 Re6+ (26... Rh3+ 27. Kd4 Qd2+ 28. Kc5 Qxc2+ 29. Kd6 Rh6+ 30. Kd7 $18)
27. Kd3 Qg3+ 28. Kd2 Qf2+ 29. Kd3 Rxe1 30. Rxe1 Qxe1 31. Qd8+ Qe8 32. Qxg5 $10)
24. Kf1 Rf6+ 25. Kg1 Qf2+ 26. Kh1 Qxg3 27. Qg2 $14) 22. Rxe5 Qxh2+ 23. Kf1 Qh3+
24. Kg1 Qh2+ (24... Bxe5 $4 25. Qd8#) 25. Kf1 Qh3+ 26. Ke1 Kg8 (26... Qh1+ 27.
Ke2 $22 Qxa1 28. Qa8+ $18) 27. Re8+ Kh7 28. Rd1 Rf6 29. Qe4+ g6 30. Qa8 Re6+
31. Rxe6 Qxe6+ 32. Kf1 $18 Be5 33. Kg2 Kg7 34. Qe4 Qf6 35. b4 Bc3 36. Rd3 Kh7
37. Qf3 (37. Qf3 Qxf3+ 38. Rxf3 Bxb4 39. Rxf7+ $18) 1-0

[Event "Ciocaltea Memorial"]
[Site "Bucharest"]
[Date "1998.??.??"]
[Round "10"]
[White "Badea, Bela"]
[Black "Aronian, Levon"]
[Result "1/2-1/2"]
[WhiteElo "2545"]
[BlackElo "2455"]
[Annotator "ChessBase"]
[PlyCount "42"]
[EventDate "1998.02.??"]
[EventType "tourn"]
[EventRounds "13"]
[EventCountry "ROU"]
[EventCategory "11"]
[SourceTitle "CBM 064"]
[Source "ChessBase"]
[SourceDate "1998.06.02"]
[SourceVersion "1"]
[SourceVersionDate "1998.06.02"]
[SourceQuality "1"]

1. Nf3 g6 2. g3 Bg7 3. Bg2 Nf6 4. O-O O-O 5. b3 d5 6. Bb2 c5 7. c4 Nc6 8. cxd5
Nxd5 9. Bxg7 Kxg7 10. Qc1 Qd6 11. Nc3 Nxc3 12. Qxc3+ f6 13. Rac1 b6 14. d4 Nxd4
15. Nxd4 cxd4 16. Qc7 Rb8 17. Qxa7 (17. Qxd6 exd6 18. Rfd1 Ba6 $132) 17... Bg4
18. Rc7 Rfe8 19. Bf3 Bxf3 20. exf3 Ra8 21. Qb7 Rxa2 $15 1/2-1/2

[Event "Belgrade GMA op"]
[Site "Belgrade"]
[Date "1988.??.??"]
[Round "?"]
[White "Miles, Anthony John"]
[Black "Sokolov, Ivan"]
[Result "1-0"]
[WhiteElo "2500"]
[BlackElo "2570"]
[Annotator "Ftacnik,L"]
[PlyCount "79"]
[EventDate "1988.12.??"]
[EventType "swiss"]
[EventRounds "9"]
[EventCountry "YUG"]
[SourceTitle "TD"]
[Source "ChessBase"]
[SourceDate "1994.03.01"]
[SourceVersion "1"]
[SourceVersionDate "1994.03.01"]
[SourceQuality "1"]

1. Nf3 Nf6 2. g3 d5 3. Bg2 g6 4. b3 Bg7 5. Bb2 c5 6. c4 d4 7. b4 Nfd7 8. O-O
O-O 9. bxc5 Nxc5 10. d3 Nc6 11. Nbd2 a5 $5 12. Rb1 (12. Ba3 $5) 12... Re8 13.
Ba3 Na6 14. Ne1 $1 Nab4 (14... Qc7 $5) 15. Bxb4 axb4 16. Nc2 Rxa2 $8 17. Bxc6
$1 (17. Nxb4 $2 Nxb4 18. Rxb4 Qa5 $1 $19) 17... bxc6 18. Nxb4 $14 Ra3 (18...
Ra8) 19. Nxc6 Qd7 20. Nb4 Ra5 (20... Bb7 21. Ra1 $5) 21. Nd5 $16 Bb7 $8 22. Nb3
Rxd5 $8 23. cxd5 Qxd5 24. f3 h5 25. Qd2 $1 Kh7 26. Qa5 Qe6 27. e4 $1 dxe3 $132
28. Nc5 Qc6 29. Nxb7 e2 30. Rf2 $8 (30. Rfe1 $2 Qxf3 {/\ Bh6}) 30... Bd4 $2 (
30... Bc3 31. Qa2 $1 e1=Q+ 32. Rxe1 Bxe1 33. Qxf7+ Kh6 34. Re2) (30... Rb8 $1
31. Rxe2 (31. Re1 $2 Rxb7) (31. Kg2 Rxb7 32. Rxb7 Bc3 33. Qa2 (33. Qxc3 Qxc3
34. Rxe2 Qxd3 35. Rexe7 Qc2+ $10) 33... e1=N+ $1 (33... e1=Q $2 34. Qxf7+ $18)
34. Kf1 Qxb7 35. Qxf7+ Kh6 $10) 31... Qxf3 32. Re4 $8 Qxd3 33. Qe1 (33. Qb4 $2
Bc3) 33... Bd4+ (33... Bc3 $2 34. Rd1 $1 Qc2 35. Rc1 $18) 34. Kg2 Qc2+ $1 (
34... Bc3 $2 35. Rd1 Qc2+ 36. Re2 Qb3 (36... Qa4 37. Qxc3 Qxd1 38. Rxe7 $18)
37. Nc5 $1 $18) 35. Kh3 $1 (35. Kh1 Bf2 $1 36. Rc1 $8 Qd3 $1 (36... Qb2 $5 37.
Rb4 Qa3 38. Qc3 Qxc3 39. Rxc3 Be1 40. Rcb3 Bxb4 $10) 37. Qe2 $8 Qd5 38. Kg2 Bd4
) (35. Kf1 Qd3+ $1 36. Kg2 Qc2+ $10) 35... Qc8+ $8 (35... Bb2 36. Rb4 $1 Qf5+
37. Kg2 Rxb7 38. R4xb2 Qd5+ 39. Kg1 $18) (35... Bf2 36. Rc1 Qd3 37. Nc5 Qf3 38.
Qe2 Qf5+ 39. Kg2 Bxc5 40. Re5 $18) (35... e5 36. Rc1 $1 Qb3 37. Rxd4 exd4 38.
Nc5 $16) 36. g4 Bc3 $1 37. Qe3 (37. Rc1 $2 hxg4+) 37... Rxb7 38. Rxb7 Qxb7 39.
gxh5 (39. Rxe7 hxg4+ $10) 39... Bf6 40. hxg6+ fxg6 $10) 31. Qb4 $1 e5 (31...
Ba7 32. d4 $18) (31... Qc2 32. Re1 Bc3 33. Qc4 $18) (31... Rc8 32. Qxd4 $18) (
31... Be3 32. Kg2 $18) 32. Kg2 Bxf2 33. Kxf2 Rb8 34. Kxe2 (34. Rb2 e1=Q+ 35.
Kxe1 Qxf3 36. Qe4 $18) 34... Qc2+ 35. Ke3 Qxh2 36. Qe7 Qxg3 $8 (36... Kg8 37.
Qxe5 $18) 37. Qxf7+ Kh6 38. Ke4 $1 h4 (38... Qh4+ 39. Kxe5) (38... Qh2 $5 39.
Rb3) 39. Qf6 $1 h3 40. Nd6 $1 1-0

[Event "EU-ch 5th"]
[Site "Antalya"]
[Date "2004.05.25"]
[Round "10"]
[White "Miroshnichenko, Evgenij"]
[Black "Krasenkow, Michal"]
[Result "1-0"]
[WhiteElo "2599"]
[BlackElo "2609"]
[Annotator "Ftacnik,L"]
[PlyCount "47"]
[EventDate "2004.05.15"]
[EventType "swiss"]
[EventRounds "13"]
[EventCountry "TUR"]
[SourceTitle "CBM 101"]
[Source "ChessBase"]
[SourceDate "2004.07.27"]
[SourceVersion "1"]
[SourceVersionDate "2004.07.27"]
[SourceQuality "1"]

1. Nf3 c5 2. g3 Nc6 3. Bg2 g6 4. O-O Bg7 5. d3 Nf6 6. c3 O-O 7. a3 e5 8. b4 e4
9. dxe4 Nxe4 10. Qd5 $5 {A risky move, that breaks the balance on the board.
White will get an unpleasant compensation for the sacrificed material.} (10.
bxc5 Nxc5 11. Bg5 Qa5 $11) 10... Nxc3 (10... Qe7 11. bxc5 $14) 11. Nxc3 Bxc3
12. Bg5 Qe8 (12... Bf6 13. bxc5 $16) (12... Qb6 13. bxc5 $16) 13. Qxc5 (13. b5
Bxa1 14. Rxa1 Ne7 15. Qxc5 Nf5 $15) (13. Rac1 $5 cxb4 14. axb4 Bxb4 15. Bh6 Qe6
16. Qb5 $13) 13... Bxa1 14. Rxa1 Qe6 (14... f6 15. Be3 (15. Bh6 Rf7 16. b5 Ne7
17. Nd4 d5 $15) 15... Rf7 16. Rd1 $44) 15. Rd1 {Miroshnichenko would not like
to see freeing of black forces with the advance of the d pawn.} (15. b5 d6 16.
Qc3 Ne5 17. Nd4 $44) 15... Re8 (15... Qxe2 $6 16. Re1 Qb2 17. Qd6 $1 (17. b5 d6
18. Qxd6 Na5 19. Bh6 (19. Qxf8+ Kxf8 20. Bh6+ Qg7 21. Bxg7+ Kxg7 22. Nd4 $14)
19... Be6 20. Qc7 b6 21. Bxf8 Rxf8 22. a4 Bb3 $14) 17... b5 (17... Qg7 18. Qd2
f5 19. Bh6 Qf6 20. Qd5+ Kh8 21. Ng5 $18) 18. Nd2 Qc3 19. Bh6 Bb7 20. Qxd7 $16)
16. Rd6 (16. b5 Ne5 (16... Qb3 17. Rd6 b6 18. Qc1 $1 Qxb5 19. Bf6 $18) 17. Rd5
Nxf3+ 18. Bxf3 Qb6 $11) 16... Qxe2 17. Bf6 Re6 (17... a5 18. Qc1 Re6 19. Qh6
Rxf6 20. Rxf6 Qd1+ 21. Bf1 Qa1 22. Qf4 $13) 18. b5 Rxd6 $2 {Seemingly logical
exchange of pieces, but unfortunatelly it fails tactically.} (18... b6 $1 19.
Rxe6 Qxe6 20. Qc3 Bb7 21. Bh8 f6 22. bxc6 Qxc6 23. Bxf6 Rf8 $14) 19. Qxd6 Qxb5
(19... Nb8 20. Ne5 Qe1+ 21. Bf1 $18) 20. Ng5 $1 Qb1+ (20... h6 $2 21. Nh7 $1
Kxh7 22. Qf8 $18) (20... Qf5 21. Bd5 $18) 21. Bf1 Qe1 22. Nxh7 $1 {[%mdl 128]
Krasenkow is lost, since his king will not get out of problems.} Qe8 (22...
Kxh7 23. Qf8 $18) 23. Qf4 Ne7 (23... Kxh7 24. Qh4+ Kg8 25. Qh8#) 24. Bc3 $1 (
24. Bc3 $1 Qd8 (24... Nf5 25. Nf6+ Kf8 26. Nxe8 Kxe8 27. Qe5+ $18) 25. Qf6 Nf5
26. Qh8#) 1-0